000 00518 a2200157 4500
000 BKB
001 071056
005 20200902150922.0
008
082 _a515.5
_bA47P
100 1 _aAkhmet, Marat
245 1 _aPrinciples of discontinuous dynamical systems
_cby Marat Akhmet
260 _aNew York
_bSpringer
_c2010
300 _a176p.
690 _aDiscontinuous functions; Differentiable dynamical systems; Differential equations; Differential equations, Partial
999 _c4412
_d4412